000
00283nam a22001097a 4500
020
_a
9284310172
082
_a
368.4TEA.
245
_a
The teaching social security.
260
_a
Geneva.
_b
International social security Association.
_c
1983.
300
_a
viii, 135p.
_b
23cm.
942
_c
BK
999
_c
14264
_d
14264